| 000 | 00585 a2200217 4500 | ||
|---|---|---|---|
| 001 | 113740 | ||
| 020 | _a9781894778626 | ||
| 041 | _apor | ||
| 090 | _aP Year 5 [Fic] | ||
| 250 | _a. ed. | ||
| 300 | _a142 p. | ||
| 697 | _aCree Indians - Fiction. | ||
| 697 | _aIndigenous youth - Fiction. | ||
| 697 | _aOff-reservation boarding schools - Fiction. | ||
| 856 | _u000008/00000817.jpg | ||
| 040 |
_aBR-BrIDEA _cBR-BrIDEA |
||
| 100 |
_aLoyie, Oskiniko Larry _d1933 |
||
| 245 | 1 | 0 |
_aGoodbye Buffalo Bay _c Oskiniko Larry Loyie |
| 260 |
_a[S.l.] _bTheytus Books _c2008 |
||
| 942 | _cBK | ||
| 999 |
_c113740 _d113740 |
||